[Event "Mondariz Balneario op 3rd"]
[Site "Mondariz Balneario"]
[Date "2016.08.23"]
[Round "8.12"]
[White "Martinez Rodriguez, Pablo II"]
[Black "Caso Huerta, Marcos"]
[Result "1-0"]
[WhiteElo "1928"]
[BlackElo "1732"]
[PlyCount "71"]
[EventDate "2016.08.17"]
[EventType "swiss"]
[EventRounds "9"]
[EventCountry "ESP"]
[SourceTitle "EXT 2024"]
[Source "ChessBase"]
[SourceDate "2023.10.10"]
[SourceVersion "1"]
[SourceVersionDate "2023.10.10"]
[SourceQuality "1"]

1. e4 c5 2. Nc3 Nc6 3. f4 e6 4. Nf3 a6 5. a4 d5 6. d3 Nf6 7. Qe2 Be7 8. g3 b6 9. Bg2 Bb7 10. 0-0 Qc7 11. f5 d4 12. Nb1 e5 13. Na3 h5 14. c3 0-0-0 15. cxd4 Nxd4 16. Nxd4 Rxd4 17. Be3 Rdd8 18. Rfc1 a5 19. b4 Ba6 20. bxc5 bxc5 21. Nb5 Bxb5 22. axb5 Kd7 23. Qe1 Ra8 24. d4 exd4 25. Bf4 Qb6 26. e5 Ra7 27. Bc6+ Kc8 28. exf6 Bxf6 29. Rc4 d3 30. Rac1 a4 31. Qf2 a3 32. Rxc5 a2 33. Be8+ Kd8 34. Rc8+ Ke7 35. Qxb6 a1Q 36. Qd6# 1-0

[Event "Pontevedra op 2nd"]
[Site "Pontevedra"]
[Date "2014.08.07"]
[Round "1"]
[White "Rodriguez Lopez, Rafael"]
[Black "Caso Huerta, Marcos"]
[Result "1-0"]
[WhiteElo "2238"]
[BlackElo "1656"]
[PlyCount "67"]
[EventDate "2014.08.07"]
[EventType "swiss"]
[EventRounds "9"]
[EventCountry "ESP"]
[SourceTitle "CBM 162 Extra"]
[Source "ChessBase"]
[SourceDate "2014.10.17"]
[SourceVersion "1"]
[SourceVersionDate "2014.10.17"]
[SourceQuality "1"]

1. e4 e5 2. Nf3 Nf6 3. Nxe5 d6 4. Nf3 Nxe4 5. Nc3 Nxc3 6. dxc3 Be7 7. Bf4 Be6 8. Qd2 Nc6 9. 0-0-0 h6 10. Bb5 a6 11. Ba4 Bxa2 12. Bxc6+ bxc6 13. b3 Rb8 14. Kb2 Bxb3 15. cxb3 0-0 16. Ra1 Qc8 17. Qd3 Qb7 18. Nd2 Ra8 19. Ra5 Bf6 20. Rha1 Rfb8 21. Be3 c5 22. f3 Re8 23. Bf2 Bg5 24. Ne4 Reb8 25. R1a3 Be7 26. Nd2 Bg5 27. Be3 Bxe3 28. Qxe3 Re8 29. Qd3 Re7 30. Rxa6 Rae8 31. Ra7 Qc6 32. R3a6 Qd7 33. Ra8 Re3 34. Qxe3 1-0

[Event "Asturias-ch Juvenil"]
[Site "Oviedo"]
[Date "2012.12.28"]
[Round "3.7"]
[White "Juanes Garcia, Olaya"]
[Black "Caso Huerta, Marcos"]
[Result "0-1"]
[WhiteElo "1774"]
[BlackElo "1519"]
[PlyCount "48"]
[EventDate "2012.12.26"]
[EventType "swiss"]
[EventRounds "5"]
[EventCountry "ESP"]
[SourceTitle "EXT 2024"]
[Source "ChessBase"]
[SourceDate "2023.10.10"]
[SourceVersion "1"]
[SourceVersionDate "2023.10.10"]
[SourceQuality "1"]

1. e4 e5 2. Nf3 Nf6 3. Nc3 Bb4 4. Bc4 0-0 5. d3 Nc6 6. 0-0 d6 7. h3 h6 8. a3 Ba5 9. Nd5 Be6 10. Ba2 a6 11. b4 Bb6 12. c3 Ba7 13. Bb2 Nb8 14. Rc1 Nbd7 15. Nxf6+ Qxf6 16. Bb1 Qg6 17. Kh2 c5 18. d4 Bc4 19. Re1 Rfe8 20. Nd2 b5 21. Nxc4 bxc4 22. dxc5 Nf6 23. Qxd6 Rad8 24. Qxa6 Ng4+ 0-1